00261 a2200109 4500001000700000020002200007040001100029240005000040245004500090300000700135362000900142193160 a978-85-7340-620-7 cMagnum10aA incrível sombra de Jack Tom Percivallpor10aA incrível sombra de Jack Tom Percival a290 a2013